00275nam a2200121Ia 45000030006000000080041000060400015000471000023000622450019000852600020001045460012001240050017001360STCL150530s9999 xx 000 0 und d aSTCLcSTCL aSir Richard Temple aLord Lawerence bMacmillanc1912 aEnglish20220125171413.0